Statistics for Things That are "Grand"

Click here to take the quiz!

General Stats

  • This quiz has been taken 38,693 times
    (9,706 since last reset)
  • The average score is 12 of 18

Answer Stats

ClueAnswer% Correct
Arizona's most prominent featureGrand Canyon
97%
High-ranking chess playerGrandmaster
89%
Large musical instrumentGrand Piano
86%
Group that determines if there is
enough evidence for a trial
Grand Jury
83%
A Formula One raceGrand Prix
82%
Where you'll see
a ribbon-cutting ceremony
Grand Opening
81%
New York's largest train stationGrand Central
80%
Crime of stealing something worth
more than a certain amount
Grand Larceny
77%
What separates Texas and MexicoRio Grande
77%
Michigan's second biggest cityGrand Rapids
66%
Bases-loaded home runGrand Slam
65%
The Republican Party, by
another name
Grand Old Party
59%
Famous covered market
in Istanbul
Grand Bazaar
56%
Belgium is a Kingdom. France is
a Republic. Luxembourg is a ...
Grand Duchy
54%
Type of epileptic seizureGrand Mal
40%
Links the Yellow and Yangtze riversGrand Canal
37%
Leader of the Spanish InquisitionGrand Inquisitor
36%
Ballet leap with split legsGrand Jeté
24%

Score Distribution

Percentile by Number Answered

Percent of People with Each Score

Your Score History

You have not taken this quiz since the last reset